| 000 | 01023cam a22002895a 4500 | ||
|---|---|---|---|
| 001 | 016889851 | ||
| 003 | OSt | ||
| 005 | 20201128021339.0 | ||
| 008 | 141009t2015 enka frb 001 0 eng d | ||
| 020 | _a9781292061184 (paperback) | ||
| 020 | _a1292061189 (paperback) | ||
| 040 |
_aUk _beng _cUk _dIeDuTC _dEG-ScBUE _dEG-ScBUE |
||
| 082 | 0 | 4 |
_222 _a005.74 _bCON |
| 100 | 1 |
_aConnolly, Thomas M. _911362 |
|
| 245 | 1 | 0 |
_aDatabase systems : _ba practical approach to design, implementation and management / _cThomas M. Connolly, Carolyn E. Begg. |
| 250 | _a6th ed., Global ed. | ||
| 260 |
_aHarlow : _bPearson Education Limited, _cc.2015. |
||
| 300 |
_a(various pages) : _bill. ; _c23 cm. |
||
| 500 | _aPrevious edition : 2010. | ||
| 504 | _aIncludes bibliographical references and index. | ||
| 650 | 7 |
_aDatabase design. _2BUEsh _92653 |
|
| 650 | 7 |
_aDatabase management. _2BUEsh _911309 |
|
| 651 | _2BUEsh | ||
| 653 |
_bCOMSCI _cJune2015 _cSeptember2015 _cNovember2016 |
||
| 700 | 1 | _aBegg, Carolyn E. | |
| 942 |
_2ddc _k005.74 CON |
||
| 999 |
_c19913 _d19885 |
||